El fracaso de la matemática moderna : ¿por qué Juanito no sabe sumar? /

Guardado en:
Autor Principal: Kline, Morris, 1908-1992.
Formato: Libro
Idioma:Spanish
English
Publicado: México : Siglo Veintiuno, 2005.
Edición:20a. ed. en español.
Etiquetas: Agregar Etiqueta
Sin Etiquetas, Sea el primero en etiquetar este registro!
LEADER 00853nam a22002295a 4500
001 MAT.inmabb004786
008 071106s2005####mx#######b####000#0#spa#d
005 20130404144116.0
245 1 3 |a El fracaso de la matemática moderna :  |b ¿por qué Juanito no sabe sumar? /  |c por Morris Kline. 
250 |a 20a. ed. en español. 
260 |a México :  |b Siglo Veintiuno,  |c 2005. 
300 |a 197 p. ;  |c 18 cm. 
500 |a Traducción de: Why Johnny can't add? : the failure of the new math. New York : St. Martin's press, 1973. 
500 |a Primera ed. en español: 1976. 
504 |a Bibliografía: p. [196]-197. 
020 |a 9682316626 
100 1 |a Kline, Morris,  |d 1908-1992. 
240 1 0 |a Why Johnny can't add?.  |l Español 
246 3 0 |a Por qué Juanito no sabe sumar? 
084 |a 97  |2 msc2000 
041 1 |a spa  |h eng 
859 |h 97  |i K65  |p A-8479  |b BIB. MATEMATICA